000 00258nam a2200109Ia 4500
008 240625s9999 xx 000 0 und d
041 _aeng
082 _a658 PIP
100 _aPIPE STEVE
245 _aSTRESS PROOF YOUR BUSINESS AND YOUR LIFE
365 _cRS
_b5
999 _c32870
_d32870